MARC details
| 000 -LEADER |
| campo de control de longitud fija |
01926nam a22006017a 4500 |
| 003 - IDENTIFICADOR DE NÚMERO DE CONTROL |
| campo de control |
OSt |
| 005 - FECHA Y HORA DE LA ÚLTIMA TRANSACCIÓN |
| campo de control |
20230816131230.0 |
| 008 - DATOS DE LONGITUD FIJA--INFORMACIÓN GENERAL |
| campo de control de longitud fija |
221006b |||||||| |||| 00| 0 eng d |
| 020 ## - NÚMERO INTERNACIONAL ESTÁNDAR DEL LIBRO |
| Número Internacional Estándar del Libro |
9 789077 966266 |
| 040 ## - FUENTE DE CATALOGACIÓN |
| Centro/agencia transcriptor |
Biblioteca Lado V |
| 082 ## - NÚMERO DE LA CLASIFICACIÓN DECIMAL DEWEY |
| Número de clasificación |
720 |
| Número de ítem |
O59a |
| 100 ## - ENTRADA PRINCIPAL--NOMBRE DE PERSONA |
| 9 (RLIN) |
942 |
| Nombre de persona |
Osterman, Arjen |
| Término indicativo de función/relación |
editor |
| 245 ## - MENCIÓN DEL TÍTULO |
| Título |
Architecture of Peace/ |
| 260 ## - PUBLICACIÓN, DISTRIBUCIÓN, ETC. |
| Nombre del editor, distribuidor, etc. |
Erste Stiftung |
| Fecha de publicación, distribución, etc. |
2010 |
| Lugar de publicación, distribución, etc. |
Amsterdam |
| 300 ## - DESCRIPCIÓN FÍSICA |
| Dimensiones |
20x27cm |
| Extensión |
60p. |
| 490 ## - MENCIÓN DE SERIE |
| Mención de serie |
04 |
| Designación de volumen o secuencia |
2010 |
| 505 ## - NOTA DE CONTENIDO CON FORMATO |
| Título |
Editorial |
| 505 ## - NOTA DE CONTENIDO CON FORMATO |
| Título |
The Social Scientist |
| 505 ## - NOTA DE CONTENIDO CON FORMATO |
| Título |
Wars of the World |
| 505 ## - NOTA DE CONTENIDO CON FORMATO |
| Título |
Provide and Enable |
| 505 ## - NOTA DE CONTENIDO CON FORMATO |
| Título |
The Architect: Keeping the Pace |
| 505 ## - NOTA DE CONTENIDO CON FORMATO |
| Título |
The Aesthetic of Ethics |
| 505 ## - NOTA DE CONTENIDO CON FORMATO |
| Título |
The Aesthetic of Ethics |
| 505 ## - NOTA DE CONTENIDO CON FORMATO |
| Título |
The Architect |
| 505 ## - NOTA DE CONTENIDO CON FORMATO |
| Título |
The Road to Hell is Paved witch Good Intentions |
| 505 ## - NOTA DE CONTENIDO CON FORMATO |
| Título |
There's No Such Thing as a Neutral State |
| 505 ## - NOTA DE CONTENIDO CON FORMATO |
| Título |
Blue Fabric |
| 505 ## - NOTA DE CONTENIDO CON FORMATO |
| Título |
Blue Fabric |
| 505 ## - NOTA DE CONTENIDO CON FORMATO |
| Título |
Blue Voxpop |
| 505 ## - NOTA DE CONTENIDO CON FORMATO |
| Título |
In the Service of Peace |
| 505 ## - NOTA DE CONTENIDO CON FORMATO |
| Título |
Better Safe Than Sorry |
| 505 ## - NOTA DE CONTENIDO CON FORMATO |
| Título |
The Lawyer |
| 505 ## - NOTA DE CONTENIDO CON FORMATO |
| Título |
Reclaiming Babur's |
| 505 ## - NOTA DE CONTENIDO CON FORMATO |
| Título |
Return to Nature |
| 505 ## - NOTA DE CONTENIDO CON FORMATO |
| Título |
Peacebreeding |
| 505 ## - NOTA DE CONTENIDO CON FORMATO |
| Título |
The Afghan Gordian Knot |
| 505 ## - NOTA DE CONTENIDO CON FORMATO |
| Título |
The Soldier |
| 505 ## - NOTA DE CONTENIDO CON FORMATO |
| Título |
The Shall |
| 505 ## - NOTA DE CONTENIDO CON FORMATO |
| Título |
The Emerging Cities of Iraqi |
| 505 ## - NOTA DE CONTENIDO CON FORMATO |
| Título |
Working in a Palestinian Refugee Camp |
| 505 ## - NOTA DE CONTENIDO CON FORMATO |
| Título |
It's The Architect's Fault! |
| 505 ## - NOTA DE CONTENIDO CON FORMATO |
| Título |
Intellectual Disaster Tourism |
| 505 ## - NOTA DE CONTENIDO CON FORMATO |
| Título |
The Distance Narrows |
| 505 ## - NOTA DE CONTENIDO CON FORMATO |
| Título |
Colophon |
| 650 ## - PUNTO DE ACCESO ADICIONAL DE MATERIA--TÉRMINO DE MATERIA |
| Fuente del encabezamiento o término |
Tesauro de Arte & Arquitectura |
| Término de materia o nombre geográfico como elemento de entrada |
ARTE |
| 9 (RLIN) |
703 |
| 650 ## - PUNTO DE ACCESO ADICIONAL DE MATERIA--TÉRMINO DE MATERIA |
| Fuente del encabezamiento o término |
Tesauro de Arte & Arquitectura |
| Término de materia o nombre geográfico como elemento de entrada |
ARQUITECTURA |
| 650 ## - PUNTO DE ACCESO ADICIONAL DE MATERIA--TÉRMINO DE MATERIA |
| Fuente del encabezamiento o término |
Tesauro de Arte & Arquitectura |
| Término de materia o nombre geográfico como elemento de entrada |
CRITICA |
| 650 ## - PUNTO DE ACCESO ADICIONAL DE MATERIA--TÉRMINO DE MATERIA |
| Fuente del encabezamiento o término |
Tesauro de Arte & Arquitectura |
| Término de materia o nombre geográfico como elemento de entrada |
APRECIACION |
| 650 ## - PUNTO DE ACCESO ADICIONAL DE MATERIA--TÉRMINO DE MATERIA |
| Fuente del encabezamiento o término |
Tesauro de Arte & Arquitectura |
| Término de materia o nombre geográfico como elemento de entrada |
PEACE |
| 650 ## - PUNTO DE ACCESO ADICIONAL DE MATERIA--TÉRMINO DE MATERIA |
| Fuente del encabezamiento o término |
Tesauro de Arte & Arquitectura |
| Término de materia o nombre geográfico como elemento de entrada |
SOCIEDAD |
| 710 ## - ENTRADA AGREGADA--NOMBRE DE ENTIDAD CORPORATIVA |
| Nombre de entidad corporativa o nombre de jurisdicción como elemento de entrada |
Zero-Six Editions |
| Término indicativo de función/relación |
editor |
| 942 ## - ELEMENTOS DE ENTRADA SECUNDARIOS (KOHA) |
| Fuente del sistema de clasificación o colocación |
Clasificación Decimal Dewey |
| Tipo de ítem Koha |
Libros |
| Parte de la signatura que corresponde a la clasificación (Parte de la clasificación) |
720 |
| Parte de la signatura que identifica el ejemplar (Parte del ítem) |
O59a |
| Suprimir en OPAC |
No |